[Event "Arco op 45th"]
[Site "Arco"]
[Date "2023.10.08"]
[Round "2"]
[White "Rivara, Massimo"]
[Black "Lagrotteria, Salvatore"]
[Result "0-1"]
[WhiteElo "1605"]
[BlackElo "1979"]
[PlyCount "116"]
[EventDate "2023.10.07"]
[EventType "swiss"]
[EventRounds "9"]
[EventCountry "ITA"]
[SourceTitle "Mega2024 Update 01"]
[Source "Chessbase"]
[SourceDate "2023.11.12"]
[SourceVersion "1"]
[SourceVersionDate "2023.11.12"]
[SourceQuality "1"]

1. e4 d5 2. exd5 Qxd5 3. Nc3 Qd6 4. d4 Nf6 5. Nf3 c6 6. Bc4 Bg4 7. Be3 e6 8. Bb3 Nbd7 9. h3 Bh5 10. g4 Bg6 11. Nh4 Qc7 12. Nxg6 hxg6 13. a3 Bd6 14. Qd2 b5 15. g5 Nh5 16. Ne4 Be7 17. 0-0-0 a5 18. h4 Rb8 19. Nc5 Nxc5 20. dxc5 Rd8 21. Qe2 0-0 22. Qf3 Qb7 23. Qe4 Rxd1+ 24. Rxd1 Rc8 25. Qe5 a4 26. Ba2 b4 27. axb4 Qxb4 28. Bxe6 Rd8 29. Rxd8+ Bxd8 30. Bd4 fxe6 31. Qxe6+ Kh7 32. c3 Qb7 33. Qc4 Qa8 34. Kb1 Bc7 35. Qf7 Qb8 36. Qa2 Qb3 37. Qxb3 axb3 38. Kc1 Nf4 39. Kd2 Kg8 40. c4 Ne6 41. Bc3 Nxc5 42. Ke3 Na4 43. Kd3 Kf7 44. c5 Nxc5+ 45. Kc4 Ne4 46. Bd4 Nd2+ 47. Kc5 Nf3 48. Be3 Be5 49. Bc1 Bd4+ 50. Kxc6 Bxf2 51. Kb5 Bxh4 52. Kb4 Bxg5 53. Bxg5 Nxg5 54. Kxb3 Ne6 55. Kc4 Ke7 56. Kd3 Kd6 57. Ke4 Kc5 58. Ke5 g5 0-1

[Event "Arco op 41st"]
[Site "Arco"]
[Date "2019.10.08"]
[Round "5"]
[White "Fecker, Jan"]
[Black "Rivara, Massimo"]
[Result "1-0"]
[WhiteElo "1897"]
[BlackElo "1744"]
[PlyCount "51"]
[EventDate "2019.10.04"]
[EventType "swiss"]
[EventRounds "9"]
[EventCountry "ITA"]
[SourceTitle "EXT 2020"]
[Source "ChessBase"]
[SourceDate "2019.10.17"]
[SourceVersion "1"]
[SourceVersionDate "2019.10.17"]
[SourceQuality "1"]

1. d4 Nf6 2. Bf4 d5 3. e3 e6 4. Nf3 Bd6 5. c3 0-0 6. Bd3 c5 7. Nbd2 Nc6 8. Ne5 Qc7 9. Ndf3 b6 10. Qb1 h6 11. g4 Bb7 12. h4 Ne4 13. Rg1 f6 14. Ng6 Rf7 15. g5 Bxf4 16. Nxf4 fxg5 17. hxg5 e5 18. Nxd5 Qd6 19. Bxe4 exd4 20. c4 Raf8 21. Nf4 Rxf4 22. exf4 Qxf4 23. Bd5+ Kh8 24. gxh6 Re8+ 25. Kf1 Qxh6 26. Qg6 1-0

[Event "Arco op 41st"]
[Site "Arco"]
[Date "2019.10.04"]
[Round "1"]
[White "Pasti, Aron"]
[Black "Rivara, Massimo"]
[Result "1-0"]
[WhiteElo "2083"]
[BlackElo "1744"]
[PlyCount "85"]
[EventDate "2019.10.04"]
[EventType "swiss"]
[EventRounds "9"]
[EventCountry "ITA"]
[SourceTitle "EXT 2020"]
[Source "ChessBase"]
[SourceDate "2019.10.17"]
[SourceVersion "1"]
[SourceVersionDate "2019.10.17"]
[SourceQuality "1"]

1. e4 c5 2. Nf3 d6 3. d4 cxd4 4. Nxd4 Nf6 5. Nc3 a6 6. h3 e6 7. g4 Be7 8. Bg2 Qc7 9. 0-0 0-0 10. Be3 Bd7 11. f4 Nc6 12. g5 Ne8 13. h4 b5 14. a3 Nxd4 15. Bxd4 Bc6 16. Qg4 e5 17. Be3 exf4 18. Rxf4 Qd7 19. Nd5 Bd8 20. Qg3 Bxd5 21. exd5 Qb7 22. Qf2 Rb8 23. Re1 Bb6 24. Bxb6 Qxb6 25. Rxf7 Qxf2+ 26. Rxf2 Rxf2 27. Kxf2 Kf8 28. c3 a5 29. Ke3 b4 30. axb4 axb4 31. Ra1 bxc3 32. bxc3 Nc7 33. c4 Rb2 34. Be4 h6 35. Ra7 Ne8 36. Bg6 Rb8 37. Rf7+ Kg8 38. Re7 Kf8 39. Rxe8+ Rxe8+ 40. Bxe8 Kxe8 41. gxh6 gxh6 42. Kf4 Kf7 43. Kf5 1-0

[Event "Arco op-A 39th"]
[Site "Arco"]
[Date "2017.10.13"]
[Round "7"]
[White "Buglisi, Massimo"]
[Black "Rivara, Massimo"]
[Result "0-1"]
[WhiteElo "1930"]
[BlackElo "1769"]
[PlyCount "48"]
[EventDate "2017.10.07"]
[EventType "swiss"]
[EventRounds "9"]
[EventCountry "ITA"]
[SourceTitle "CBM 181 Extra"]
[Source "ChessBase"]
[SourceDate "2017.12.12"]
[SourceVersion "1"]
[SourceVersionDate "2017.12.12"]
[SourceQuality "1"]

1. e4 c5 2. d4 cxd4 3. c3 dxc3 4. Nxc3 Nc6 5. Nf3 e6 6. Bc4 a6 7. 0-0 b5 8. Bb3 Bb7 9. a3 Nge7 10. Bg5 f6 11. Be3 Ng6 12. Re1 Na5 13. Nd5 Bxd5 14. exd5 Nxb3 15. Qxb3 e5 16. d6 Bxd6 17. Qd5 Bc7 18. Bc5 Nf4 19. Qb3 Ne6 20. Rac1 Bb6 21. Bd6 Rc8 22. Qd5 Nf4 23. Nxe5 Nxd5 24. Nc6+ Kf7 0-1

[Event "Liguria Region-ch"]
[Site "Spotorno"]
[Date "2016.05.15"]
[Round "4"]
[White "Grasso, Gabriele"]
[Black "Rivara, Massimo"]
[Result "1/2-1/2"]
[WhiteElo "1720"]
[BlackElo "1757"]
[PlyCount "65"]
[EventDate "2016.05.13"]
[EventType "swiss"]
[EventRounds "5"]
[EventCountry "ITA"]
[SourceTitle "EXT 2018"]
[Source "ChessBase"]
[SourceDate "2017.10.13"]
[SourceVersion "1"]
[SourceVersionDate "2017.10.13"]
[SourceQuality "1"]

1. d4 Nf6 2. c4 e6 3. Nf3 b6 4. g3 Bb7 5. Bg2 Bb4+ 6. Bd2 Bxd2+ 7. Nbxd2 0-0 8. 0-0 d6 9. Qb3 Nbd7 10. Nh4 Bxg2 11. Nxg2 d5 12. cxd5 exd5 13. Rac1 Re8 14. e3 Ne4 15. Nxe4 dxe4 16. Qc2 c5 17. Rfd1 Qe7 18. Nf4 Rac8 19. Qd2 Nf6 20. dxc5 Rxc5 21. Rxc5 Qxc5 22. Rc1 Qe5 23. Qc3 Qf5 24. Qe1 g5 25. Ne2 h5 26. Nd4 Qd7 27. Qd2 Re5 28. Rc6 Kg7 29. Kg2 Rd5 30. Qc2 Qe8 31. Rc8 Qe5 32. Qc7 Qxc7 33. Rxc7 1/2-1/2

[Event "Liguria Region-ch"]
[Site "Spotorno"]
[Date "2016.05.14"]
[Round "3"]
[White "Rivara, Massimo"]
[Black "Giorgi, Ezio Alberto"]
[Result "0-1"]
[WhiteElo "1757"]
[BlackElo "1773"]
[PlyCount "75"]
[EventDate "2016.05.13"]
[EventType "swiss"]
[EventRounds "5"]
[EventCountry "ITA"]
[SourceTitle "EXT 2018"]
[Source "ChessBase"]
[SourceDate "2017.10.13"]
[SourceVersion "1"]
[SourceVersionDate "2017.10.13"]
[SourceQuality "1"]

1. e4 e6 2. Qe2 c5 3. Nf3 Nc6 4. g3 Nf6 5. Bg2 Be7 6. 0-0 d5 7. d3 0-0 8. Bg5 h6 9. Bxf6 Bxf6 10. e5 Be7 11. c3 a6 12. Nbd2 Qc7 13. Rfe1 b5 14. Nf1 Bb7 15. h4 d4 16. cxd4 Nxd4 17. Nxd4 cxd4 18. Bxb7 Qxb7 19. Nh2 Rac8 20. Nf3 Qd5 21. a3 Rc7 22. Rec1 Rfc8 23. Rxc7 Rxc7 24. Ne1 f6 25. exf6 Bxf6 26. Qd2 Qc6 27. Qd1 g5 28. hxg5 Bxg5 29. Qg4 Kf7 30. Nf3 Qd5 31. Re1 Bf6 32. Qf4 Rc2 33. Ne5+ Kg7 34. Qg4+ Bg5 35. Qh5 Rc7 36. Qg6+ Kf8 37. Ng4 Rc1 38. Qxe6 0-1

[Event "Omegna op-B 3rd"]
[Site "Omegna"]
[Date "2015.08.08"]
[Round "3"]
[White "Rivara, Massimo"]
[Black "Faraci, Libero"]
[Result "1/2-1/2"]
[WhiteElo "1821"]
[BlackElo "1698"]
[PlyCount "104"]
[EventDate "2015.08.07"]
[EventType "swiss"]
[EventRounds "5"]
[EventCountry "ITA"]
[SourceTitle "EXT 2018"]
[Source "ChessBase"]
[SourceDate "2017.10.13"]
[SourceVersion "1"]
[SourceVersionDate "2017.10.13"]
[SourceQuality "1"]

1. e4 c6 2. d4 d5 3. Nc3 dxe4 4. Nxe4 Bf5 5. Ng3 Bg6 6. h4 h6 7. h5 Bh7 8. Nf3 Nd7 9. Bd3 Bxd3 10. Qxd3 Ngf6 11. Bd2 Qc7 12. 0-0-0 e6 13. Kb1 Bd6 14. Ne4 Nxe4 15. Qxe4 Nf6 16. Qe2 0-0-0 17. c4 c5 18. Bc3 Qc6 19. Ne5 Bxe5 20. dxe5 Qe4+ 21. Qxe4 Nxe4 22. Rxd8+ Rxd8 23. Kc2 Nxf2 24. Rf1 Ng4 25. Rxf7 Rd7 26. Rf3 Kd8 27. Rd3 Rxd3 28. Kxd3 Ke7 29. Ke2 Kf7 30. Kf3 Nh2+ 31. Kg3 Nf1+ 32. Kf2 Nh2 33. Kg3 Nf1+ 34. Kf4 g5+ 35. hxg6+ Kxg6 36. a3 h5 37. b4 cxb4 38. axb4 a6 39. Be1 Nh2 40. Ke4 Kf7 41. Kd4 Ke7 42. Ke4 Kf7 43. Bh4 Ng4 44. Kd4 Ke8 45. Bg3 Ke7 46. Bf4 Kd7 47. Bg3 Ke7 48. Bh4+ Ke8 49. Ke4 Kf7 50. c5 Kg6 51. Bg3 Nh6 52. Bf4 Nf5 1/2-1/2

[Event "Genova Bombrini op"]
[Site "Genova"]
[Date "2014.10.05"]
[Round "5"]
[White "Rivara, Massimo"]
[Black "Saffioti, Massimo"]
[Result "0-1"]
[WhiteElo "1767"]
[BlackElo "1891"]
[PlyCount "86"]
[EventDate "2014.10.03"]
[EventType "swiss"]
[EventRounds "5"]
[EventCountry "ITA"]
[SourceTitle "EXT 2016"]
[Source "ChessBase"]
[SourceDate "2015.10.08"]
[SourceVersion "1"]
[SourceVersionDate "2015.10.08"]
[SourceQuality "1"]

1. e4 c5 2. Nf3 Nc6 3. d4 cxd4 4. Nxd4 d6 5. Nc3 Nf6 6. Bb5 Bd7 7. 0-0 e5 8. Nde2 Be7 9. Ng3 0-0 10. Bg5 Nd4 11. Bxd7 Qxd7 12. Bxf6 Bxf6 13. Nd5 Bd8 14. c3 Ne6 15. Nf5 Kh8 16. Qd3 g6 17. Nfe3 Nc5 18. Qc2 f5 19. exf5 gxf5 20. f4 e4 21. Rad1 Nd3 22. c4 Rb8 23. Nb4 Bb6 24. Nbd5 Bd4 25. b3 b5 26. Rxd3 exd3 27. Qxd3 Bxe3+ 28. Nxe3 bxc4 29. Nxc4 Rbd8 30. Rd1 d5 31. Qh3 Qc6 32. Ne5 Qb6+ 33. Kh1 d4 34. Qh5 Qf6 35. h3 Rd5 36. Rc1 Rxe5 37. fxe5 Qxe5 38. Qf3 Qe3 39. Qf1 f4 40. Re1 Qg3 41. Qe2 f3 42. Qe5+ Qxe5 43. Rxe5 f2 0-1

[Event "Omegna op-A 2nd"]
[Site "Omegna"]
[Date "2014.08.10"]
[Round "4"]
[White "Rivara, Massimo"]
[Black "Ottolini, Graziano"]
[Result "0-1"]
[WhiteElo "1800"]
[BlackElo "1984"]
[PlyCount "62"]
[EventDate "2014.08.08"]
[EventType "swiss"]
[EventRounds "5"]
[EventCountry "ITA"]
[SourceTitle "EXT 2024"]
[Source "ChessBase"]
[SourceDate "2023.10.10"]
[SourceVersion "1"]
[SourceVersionDate "2023.10.10"]
[SourceQuality "1"]

1. e4 Nf6 2. e5 Nd5 3. Nc3 c6 4. Bc4 e6 5. Nf3 d6 6. 0-0 dxe5 7. Nxe5 Bd6 8. Nf3 0-0 9. d4 Nxc3 10. bxc3 Nd7 11. Qe2 Re8 12. Ng5 Nf6 13. Re1 Qc7 14. g3 b5 15. Bd3 e5 16. Ne4 Nxe4 17. Qxe4 f5 18. Qg2 e4 19. f3 Qa5 20. fxe4 Qxc3 21. Be3 fxe4 22. Bxe4 Bf5 23. Bxc6 Rxe3 24. Rf1 Rd8 25. Rad1 Bh3 26. Bd5+ Be6 27. Bc6 Bxg3 28. Rd3 Rxd3 29. cxd3 Qxd4+ 30. Kh1 Be5 31. Be4 Bd5 0-1

[Event "Recco op 2nd"]
[Site "Recco"]
[Date "2008.11.30"]
[Round "5"]
[White "Rivara, Massimo"]
[Black "Cavatorta, Ivan"]
[Result "1/2-1/2"]
[WhiteElo "1845"]
[BlackElo "1868"]
[PlyCount "102"]
[EventDate "2008.11.28"]
[EventType "swiss"]
[EventRounds "5"]
[EventCountry "ITA"]
[SourceTitle "EXT 2011"]
[Source "ChessBase"]
[SourceDate "2010.11.26"]
[SourceVersion "1"]
[SourceVersionDate "2010.11.26"]
[SourceQuality "1"]

1. e4 e6 2. d3 d5 3. Nd2 c5 4. g3 Nc6 5. Ngf3 Nf6 6. Bg2 Be7 7. 0-0 dxe4 8. dxe4 e5 9. c3 0-0 10. Qc2 h6 11. Nc4 Qc7 12. Ne3 Be6 13. Nh4 Rfd8 14. Nhf5 Bf8 15. b3 g6 16. Nh4 Bg7 17. Ba3 Qa5 18. Bb2 Qc7 19. f4 Qb6 20. Kh1 c4 21. Nxc4 Bxc4 22. bxc4 Qc5 23. Qe2 Na5 24. Rad1 Qxc4 25. Qf3 Nc6 26. a3 h5 27. h3 Qb5 28. Bc1 Rxd1 29. Rxd1 Rd8 30. Rxd8+ Nxd8 31. Qd1 Qd7 32. Qe2 Nc6 33. f5 Ne7 34. g4 hxg4 35. hxg4 gxf5 36. gxf5 Kh7 37. Bg5 Neg8 38. Nf3 Ng4 39. Kg1 f6 40. Bd2 Qc6 41. Nh4 Qb6+ 42. Kf1 Nh2+ 43. Ke1 Qg1+ 44. Bf1 Bh6 45. Bxh6 Nxh6 46. Qf2 Qxf1+ 47. Qxf1 Nxf1 48. Kxf1 Nf7 49. Ke2 Nd6 50. Kd3 Kh6 51. Ng6 Kg5 1/2-1/2

[Event "Genova Primavera op 10th"]
[Site "Genova"]
[Date "2007.03.25"]
[Round "4"]
[White "Rivara, Massimo"]
[Black "Grassi, Pietro"]
[Result "1-0"]
[WhiteElo "1888"]
[BlackElo "2199"]
[PlyCount "135"]
[EventDate "2007.03.23"]
[EventType "swiss"]
[EventRounds "5"]
[EventCountry "ITA"]
[SourceTitle "EXT 2008"]
[Source "ChessBase"]
[SourceDate "2007.11.25"]
[SourceVersion "1"]
[SourceVersionDate "2007.11.25"]
[SourceQuality "1"]

1. e4 e5 2. Nc3 Nc6 3. Bc4 Bc5 4. d3 d6 5. Na4 Bb6 6. Nxb6 axb6 7. c3 Be6 8. Bxe6 fxe6 9. Qh5+ Kd7 10. Nf3 Nf6 11. Qh3 Qe7 12. 0-0 Rag8 13. Be3 h6 14. Nd2 g5 15. Qf3 h5 16. d4 g4 17. Qe2 h4 18. f4 gxf3 19. Rxf3 Rg6 20. Raf1 Rh7 21. d5 exd5 22. exd5 Nxd5 23. Ne4 Nxe3 24. Qxe3 Rhg7 25. R1f2 Nd8 26. Nf6+ Kc8 27. Nd5 Qg5 28. Qe2 e4 29. Rf5 Qh6 30. h3 e3 31. Nxe3 Re7 32. R5f4 Qh8 33. Qd2 Rge6 34. Ng4 Re1+ 35. Kh2 Qh7 36. Rf5 Ra1 37. Ne3 Qh6 38. R5f3 Qe6 39. Rf1 Rxa2 40. Nf5 Qe5+ 41. Kh1 Re8 42. Nxh4 Qb5 43. R3f2 Nc6 44. Nf5 Ne5 45. Nd4 Qd7 46. Qc2 c5 47. Nf5 Kc7 48. Ne3 Qc6 49. Qb3 Raa8 50. Nd5+ Kb8 51. Nxb6 Ra6 52. Nd5 c4 53. Qd1 Nd3 54. Rf8 Ka7 55. Rxe8 Qxe8 56. Nc7 Qe3 57. Nxa6 bxa6 58. Rf7+ Kb6 59. Qg1 Qxg1+ 60. Kxg1 Nxb2 61. Rf2 Nd3 62. g4 Ne5 63. g5 Kc5 64. Rf5 Kd5 65. h4 Ke4 66. Rf6 a5 67. g6 Ng4 68. Rxd6 1-0

[Event "Genova Primavera op 10th"]
[Site "Genova"]
[Date "2007.03.24"]
[Round "2"]
[White "Rivara, Massimo"]
[Black "Melling, Jonathon"]
[Result "1/2-1/2"]
[WhiteElo "1888"]
[BlackElo "1545"]
[PlyCount "120"]
[EventDate "2007.03.23"]
[EventType "swiss"]
[EventRounds "5"]
[EventCountry "ITA"]
[SourceTitle "EXT 2008"]
[Source "ChessBase"]
[SourceDate "2007.11.25"]
[SourceVersion "1"]
[SourceVersionDate "2007.11.25"]
[SourceQuality "1"]

1. e4 c5 2. Nf3 Nc6 3. Nc3 d6 4. Bc4 Bg4 5. Bxf7+ Kxf7 6. Ng5+ Ke8 7. Qxg4 Nf6 8. Qd1 Qd7 9. 0-0 h6 10. Nf3 g5 11. d3 e5 12. Nd5 Be7 13. Ne3 Kd8 14. Nf5 Kc7 15. c3 Rag8 16. Be3 b6 17. Qa4 Ne8 18. b4 Kc8 19. bxc5 g4 20. Nxe7+ Nxe7 21. Qxd7+ Kxd7 22. c6+ Nxc6 23. Nh4 h5 24. Rad1 Nf6 25. Nf5 Ke6 26. Rfe1 Rh7 27. Bc1 Rd8 28. d4 Nxe4 29. Rxe4 Kxf5 30. Re2 exd4 31. cxd4 Re7 32. Rxe7 Nxe7 33. Re1 Rd7 34. g3 Ng6 35. Kg2 Re7 36. Be3 Rc7 37. Re2 Rc3 38. h3 Rc7 39. hxg4+ hxg4 40. f3 gxf3+ 41. Kxf3 Ke6 42. Ke4 Rf7 43. Rh2 d5+ 44. Kd3 Nf8 45. Bf4 Ng6 46. Rh6 Kf5 47. Rh5+ Ke6 48. Ke3 Nxf4 49. Re5+ Kd6 50. gxf4 a5 51. f5 b5 52. Re6+ Kc7 53. Kf4 a4 54. Ra6 Rd7 55. Ke5 Kb7 56. Rd6 Rxd6 57. Kxd6 b4 58. f6 b3 59. f7 bxa2 60. f8Q a1Q 1/2-1/2

[Event "Genova Primavera op 10th"]
[Site "Genova"]
[Date "2007.03.23"]
[Round "1"]
[White "Rodriguez, Alan"]
[Black "Rivara, Massimo"]
[Result "1-0"]
[WhiteElo "2116"]
[BlackElo "1888"]
[PlyCount "55"]
[EventDate "2007.03.23"]
[EventType "swiss"]
[EventRounds "5"]
[EventCountry "ITA"]
[SourceTitle "EXT 2008"]
[Source "ChessBase"]
[SourceDate "2007.11.25"]
[SourceVersion "1"]
[SourceVersionDate "2007.11.25"]
[SourceQuality "1"]

1. Nf3 c5 2. g3 Nf6 3. c4 g6 4. Bg2 Bg7 5. Nc3 Nc6 6. 0-0 0-0 7. d4 cxd4 8. Nxd4 Nxd4 9. Qxd4 d6 10. Qh4 Rb8 11. Bg5 Re8 12. Rad1 Qb6 13. b3 Bd7 14. e4 Bc6 15. Nd5 Bxd5 16. exd5 a5 17. Rd3 Nd7 18. Re1 Bf6 19. Bh3 Bxg5 20. Qxg5 Ne5 21. Rde3 Qb4 22. R1e2 Qc5 23. Kg2 Nc6 24. Bd7 Nd4 25. Bxe8 Nxe2 26. Bxf7+ Kxf7 27. Rxe7+ Kg8 28. Qf6 1-0

[Event "Genova Val Bisagno 2nd"]
[Site "Genova"]
[Date "2001.11.??"]
[Round "3"]
[White "Rivara, Massimo"]
[Black "Strazzeri, Roberto"]
[Result "1-0"]
[WhiteElo "1609"]
[BlackElo "1486"]
[PlyCount "59"]
[EventDate "2001.11.??"]
[EventType "swiss"]
[EventRounds "6"]
[EventCountry "ITA"]
[SourceTitle "EXT 2024"]
[Source "ChessBase"]
[SourceDate "2023.10.10"]
[SourceVersion "1"]
[SourceVersionDate "2023.10.10"]
[SourceQuality "1"]

1. e4 c6 2. Nc3 d5 3. Nf3 dxe4 4. Nxe4 Bf5 5. Ng3 Bg6 6. h4 h6 7. Ne5 Nf6 8. Nxg6 fxg6 9. Bd3 Kf7 10. Qf3 e6 11. Bc4 Bc5 12. c3 Nbd7 13. d4 Bb6 14. Ne4 Bc7 15. Bf4 Re8 16. Bxc7 Qxc7 17. g4 Kg8 18. 0-0-0 Nd5 19. g5 Rf8 20. Qg4 Qf4+ 21. Qxf4 Rxf4 22. Rde1 Raf8 23. Nd6 b6 24. Bd3 Kh7 25. Rxe6 Rxf2 26. Rxg6 Kh8 27. gxh6 Nf4 28. hxg7+ Kh7 29. gxf8N+ Nxf8 30. Rg3+ 1-0